| Record ID | marc_loc_2016/BooksAll.2016.part29.utf8:236278893:1226 |
| Source | Library of Congress |
| Download Link | /show-records/marc_loc_2016/BooksAll.2016.part29.utf8:236278893:1226?format=raw |
LEADER: 01226cam a2200325 a 4500
001 2002280975
003 DLC
005 20040621194056.0
008 020520s2002 enka b 001 0 eng
010 $a 2002280975
015 $aGBA2-Y2524
020 $a047117677X
035 $a(OCoLC)ocm49298621
040 $aUKM$cUKM$dPSM$dUOK$dDLC
042 $alccopycat
050 00 $aNC1001$b.H45 2002
082 00 $a741.6/023/73$221
100 1 $aHeller, Steven.
245 10 $aBecoming a graphic designer :$ba guide to careers in design /$cSteven Heller & Teresa Fernandes.
250 $a2nd ed.
260 $aNew York :$bJohn Wiley & Sons,$cc2002.
300 $a336 p. :$bill. (some col.) ;$c23 cm.
500 $aPrevious ed.: 1999.
504 $aIncludes bibliographical references (p. 335) and index.
650 0 $aCommercial art$xVocational guidance.
650 0 $aGraphic arts$xVocational guidance.
700 1 $aFernandes, Teresa.
856 42 $3Contributor biographical information$uhttp://www.loc.gov/catdir/bios/wiley043/2002280975.html
856 42 $3Publisher description$uhttp://www.loc.gov/catdir/description/wiley036/2002280975.html
856 41 $3Table of contents$uhttp://www.loc.gov/catdir/toc/wiley023/2002280975.html